Swim Good - Frank Ocean (All Lyrics) - Statistics

General Stats
  • This quiz has been taken 187 times
    23 since last reset
  • The average score is 240 of 297
Answer Stats
Swim Good % Correct
a
100%
and
100%
And
100%
good
100%
I
100%
my
100%
off
100%
on
100%
suit
100%
swim
100%
about
94%
big
94%
Big
94%
bigger
94%
drive
94%
for
94%
got
94%
Verse 2 Got
94%
i'm
94%
Bridge | Chorus I'm
94%
in
94%
it?
94%
it
94%
me
94%
ocean
94%
out
94%
pretty
94%
shoes
94%
take
94%
Take
94%
than
94%
the
94%
this
94%
to
94%
around
88%
from
88%
like
88%
more
88%
some
88%
somethin'
88%
Verse 1 That's
88%
black
81%
don't
81%
Don't
81%
enough
81%
Five
81%
funeral
81%
mile
81%
put
81%
ready
81%
road
81%
'til
81%
trunk
81%
try
81%
ain't
75%
broke
75%
broken
75%
'em
75%
ever
75%
Ever
75%
every
75%
heart
75%
I'ma
75%
I've
75%
miles
75%
Roamin'
75%
runs
75%
these
75%
time
75%
808s
69%
drivin'
69%
never
69%
no
69%
No
69%
them
69%
Car
63%
cops
63%
hearts
63%
Kick
63%
Now
63%
One
63%
over
63%
pull
63%
'round
63%
see
63%
they
63%
They
63%
bleedin'
56%
goin'
56%
boulevard
50%
Town
50%
but
44%
CD
44%
difference?
44%
If
44%
Lincoln
44%
stopping
44%
windows
44%
are
38%
baby
38%
beats
38%
Ghost
38%
had
38%
lost
38%
Memory
38%
Oh
38%
seats
38%
since
38%
sittin'
38%
tints
38%
what's
38%
yeah
38%
Yeah
38%
You
38%
feel
31%
heated
31%
saving
31%
stay
31%
Swayze
31%
truck
31%
washin'
31%
Waves
31%
fear
25%
woulda
25%
line
19%
love
19%
Throw
19%
die
13%
drove
13%
flares
13%
vest
13%
No matching quizzes found
Score Distribution
Percent of People with Each Score
Percentile by Number Answered
Your Score History
You have not taken this quiz since the last reset